| 000 | 00669nam a2200229Ia 4500 | ||
|---|---|---|---|
| 003 | OSt | ||
| 005 | 20221006165145.0 | ||
| 006 | a|||||r|||| 00| 0 | ||
| 007 | ta | ||
| 008 | 221006b |||||||| |||| 00| 0 hin d | ||
| 024 | _a3,771 | ||
| 037 | _cTextual | ||
| 040 |
_aFML _cFML _bhin |
||
| 041 |
_2hin _ahin |
||
| 082 | _aNS445, J, P1 ; Q1 | ||
| 100 |
_aKarn Nageshwar Lal Au. _9679212 |
||
| 245 | 0 | _aKathak Nritya Ke Sath Tabla Sangati Sanskaran - 2 | |
| 260 |
_aNew Delhi _bKanishka Publishers and Distributors _c2011 |
||
| 300 |
_a227 _ccm. |
||
| 942 |
_hNS445, J, P1 ; Q1 _cTEXL _2CC |
||
| 999 |
_c1119820 _d1119820 |
||